MDQL
is popping MORE tags! Check the
thread
!
Quizzes
Events
Quiz Creation
Community
Videos
Private Events
Remove Ads
Sign In
Join for FREE
Feedback
Dark Mode
Quiz Categories
Sports
Geography
Music
Movies
Television
Just For Fun
Miscellaneous
History
Literature
Language
Science
Gaming
Entertainment
Religion
Holiday
For Kids
Quiz Lab
Recent
Popular Today
Quiz Kudos Today
Editor Picks
Curator Picks
Quizzes by...
Day
Popularity
Type
Ratings
Length
Year
Community
Subscriptions
Recent Discussions
Orange Saloon
Badges
Playlists
Quests
Create
Leaderboards
Showdown
Live 5
Trivia Bingo
Activity
Puzzle Library
Sporcle Events
Private Events
Virtual Trivia
Globe League
Become a Host
Pub Owners
SporcleCon
Opinionation
Our Games
Videos
Blog
Mobile Apps
Partnerships
Remove Ads and Go Orange
Feedback
Sports
Athletes
MLB
NBA
NHL
NFL
Soccer
Sports Teams
WWE
NCAA
Football
Premier League
Basketball
Baseball
Hockey
Golf
Tennis
Cricket
Rugby
Auto Racing
Olympics
World Cup
Sports
Athletes
MLB
NBA
NHL
NFL
Soccer
Sports Teams
WWE
NCAA
Football
Premier League
Basketball
Baseball
Hockey
Golf
Tennis
Cricket
Rugby
Auto Racing
Olympics
World Cup
Random Quiz
Search Sporcle
×
Quiz Lab
Quiz Lab
Sports
Basketball
Type in answers that appear in a list
Type in answers that appear in a list
Classic
Best Score? Go Orange.
NBA All-Star Game MVPs Stats
Can you name the NBA All-Star Game MVPs?
By
bmarsh442003
10m
59 Questions
270 Plays
270 Plays
270 Plays
Comments
Comments
Give Quiz Kudos
Give Quiz Kudos
-
- Ratings
hide this ad
Replay
Link that replays current quiz
Next Quiz
Link to next quiz in quiz playlist
You Got
0%
They Got
Avg Score
65%
Avg Friend Score
Upgrade to see
Score Distribution
Jump to the score distribution portion of the page
Score
0/59
Timer
10:00
0
Plays Today
year
player
% Correct
2009
Kobe Bryant/Shaquille O'neal
96.7%
2002
Kobe Bryant
96.3%
2007
Kobe Bryant
96.3%
1988
Michael Jordan
95.9%
1996
Michael Jordan
95.9%
1998
Michael Joran
95.9%
2000
Tim Duncan/Shaquille O'neal
95.9%
2006
LeBron James
94.4%
2008
LeBron James
94.4%
2001
Allen Iverson
94.1%
2005
Allen Iverson
94.1%
2004
Shaquille O'neal
93.7%
1990
Magic Johnson
93%
1992
Magic Johnson
93%
1993
Karl Malone/John Stockton
93%
1989
Karl Malone
91.9%
2010
Dwyane Wade
91.5%
1982
Larry Bird
90.7%
1984
Isiah Thomas
87%
1986
Isiah Thomas
87%
1994
Scottie Pippen
87%
1960
Wilt Chamberlain
85.2%
1963
Bill Russell
84.8%
1977
Julius Erving
77.4%
1983
Julius Erving
77.4%
1954
Bob Cousy
72.6%
1957
Bob Cousy
72.6%
2003
Kevin Garnett
72.6%
1991
Charles Barkley
71.1%
1961
Oscar Robertson
70.4%
year
player
% Correct
1964
Oscar Robertson
70.4%
1969
Oscar Robertson
70.4%
1972
Jerry West
69.3%
1959
Bob Pettit/Elgin Baylor
64.4%
1956
Bob Pettit
59.6%
1958
Bob Pettit
59.6%
1962
Bob Pettit
59.6%
1980
George Gervin
58.1%
1953
George Mikan
53%
1970
Willis Reed
51.9%
1995
Mitch Richmond
50%
1975
Walt Frazier
47.8%
1985
Ralph Sampson
46.7%
1997
Glen Rice
45.2%
1967
Rick Barry
43.7%
1973
Dave Cowens
37%
1979
David Thompson
30.4%
1981
Nate Archibald
29.6%
1966
Adrian Smith
27.8%
1978
Randy Smith
27.8%
1987
Tom Chambers
27%
1976
Dave Bing
25.6%
1971
Lenny Wilkens
24.4%
1952
Paul Arizin
23.7%
1974
Bob Lanier
23.7%
1968
Hal Greer
21.9%
1965
Jerry Lucas
21.5%
1955
Bill Sharman
20.4%
1951
Ed Macauley
11.9%
Quiz Playlist
Details
Report
Send in Message
Add To Playlist
Classic:
Type in answers that appear in a list
Last Updated: Feb 16, 2017
Quiz Scoreboard
CHALLENGE
Sign Up to Join the Scoreboard
Show All
Scores
Hide
Comments
May contain spoilers
Recently Published
Street Fighter Characters
by Artimus82
Gaming
60s
9x9 Crossword: Cartoon Network
by jackfrog10
Miscellaneous
3m
College Basketball Coaching Resumes
by pancakes188
Sports
9m
More to Explore
Quiz From the Vault
Featured Blog Post
Where Did the Easter Bunny Come From?
hide this ad
You Might Also Like...
Tags
Basketball Quiz
NBA Quiz
All-Star
MVP
NBA All-Star
Player
team
Today's Top Quizzes in Sports
Browse Sports
hide this ad
Today's Top Quizzes in Basketball
Browse Basketball
Top Contributed Quizzes in Sports
1
2022 World Cup Stars
2
Les meilleurs buteurs des matchs entre le PSG et l’OM
3
FIFA Club World Cup Champions
4
Les entraîneurs de l'OM et du PSG au 21e siècle
5
Criteria MLB: Left Handed Sluggers
6
2023 MLB Unique Player Accomplishments
7
AFC Teams Reveal (Wrong Answers Minefield)
8
5-to-1: FBS Animal Nicknames
9
Players with Multiple 50 Home Run Seasons
10
5-to-1: UK Sports Teams
Explore More
Trending Topics
Disney
Marvel
Kpop
Crossword
Anime
NBA
Harry Potter
Puzzle
Country
Song
Soccer
NFL
The Office
Pokémon
WWE
hide this ad
More By:
bmarsh442003
Quiz
Plays
Rating
Category
Featured
Created
songs on Blink 182's Greatest Hits album
801
Music
Feb 26, 2010
NFL's fastest man competition winner
664
2.50
Sports
Nov 12, 2009
U.S. capitals: one-minute blitz
600
1.50
Geography
Jan 19, 2010
NCAA division 1 men's basketball champions
585
4.33
Sports
Mar 27, 2010
NBA retired numbers
506
4.40
Sports
Nov 7, 2009
Go to Creator's Profile
Score Distribution
Quiz Creator Spotlight
bmarsh442003
Follow
Send a Message
Quizzes Created
-
Created Quiz Play Count
-
More By This Creator
Popular Quizzes Today
1
Find the US States - No Outlines Minefield
2
Find the Countries of Europe - No Outlines Minefield
3
The Countries of the World
4
Find the US States
5
Risky Map Clicking: Biggest States A-Z
6
US States
7
Popular People in 1961
8
Movies - When Are They Set?
More Sports Quizzes
Ex-Southampton Players Currently Playing in PL
Quiz Lab
Trending Quizzes
Risky Map Clicking: Least Populous States A-Z
Billboard Blitz: Aretha Franklin
Famous Russians: Author or Composer?
1-10 Letter G Words
Countries of the World: 200 Million BC
Recently Updated
Leaping Animals
pecheneg
Reality TV Shows (A-Z)
bhenderson79
Rickey Henderson's Hall of Fame Teammates
pecheneg
Champions League XIs: Arsenal
pecheneg
Quick Pick: Celebrities in WWE's Hall of Fame
aduchscher
A-Z Keypad Blitz II
pecheneg
Multiple Oscar Actors
pecheneg
Mystery Phrase Blitz: Oscar 'Best Actors'
pecheneg
F. Scott Fitzgerald Novels
LTH
Pick 3 Villains
ddd62291
Trending Topics
Harry Potter
Kpop
Anime
NBA
Marvel
Crossword
Disney
NFL
Puzzle
Pokémon
Country
The Office
WWE
Song
Soccer
Your Account Isn't Verified!
In order to create a playlist on Sporcle, you need to verify the email address you used during registration. Go to your
Sporcle Settings
to finish the process.
Report this User
Report this user for behavior that violates our
Community Guidelines
.
Details:
Send Report
Go to the Sporcle.com Mobile Site →
Comments